000 00535nam a2200169 i 4500
001 74824
003 ES-MaACL
005 20230906172246.0
007 t|
008 040921s1903 fr ||||1| fre d
100 1 _aGourmont, Rémy de (
_d1858-1916)
_959362
245 1 0 _aEpilogues
_b: reflexions sur la vie /
_cRemy de Gourmont.
260 _a[S.l. :
_bs.n.,
_c1903] (
_eSaint Amand :
_fBussière)
300 _a3 v. ;
_c18 cm.
505 8 _aContiene: I.: 1895-1898. -- II.: 1899-1901. -- III.: 1902-1904
852 _aES-MaACL
_jD-2058
999 _c74824
_d74824